000 00518nam a2200145 a 4500
008 120416s1967 ||||||||||||||||| || u
050 _aHB 3639 Aga
100 _aAgarwala, Shriman Narayan
245 1 0 _aPopulation
260 _aNew Delhi
_bNational Book Trust
_c1967
300 _a141p. : ill
350 _a0.00
650 _aPOPULATION--ENVIRONMENTAL ASPECTS
995 _D0.00
_FCBU-MAIN LIBRARY (Kitwe)
_H1
_I0.00
_M1
_UAVAILABLE
_ZAnnex Low-Usage Collection
999 _c53989
_d53989